000 01906cam a22003258i 4500
001 20909533
005 20250224105847.0
008 190326q20192019flu b 001 0 eng c
010 _a 2019011928
020 _a148222304X
_q(hardback ;
_qalk. paper)
020 _a9781482223040
_q(hardback ;
_qalk. paper)
020 _z1315156806
_q(ebook)
020 _z9781315156804
_q(ebook)
020 _z9781482223064
_qebook
040 _aOU/DLC
_beng
_erda
_cOU
042 _apcc
050 0 0 _aQC611
_b.B25 2019
082 0 0 _a537.6221
_223
100 1 _aBanerjee, Jyoti Prasad,
_eauthor.
_95388
245 1 0 _aPhysics of semiconductors and nanostructures /
_cJyoti Prasad Banerjee, Suranjana Banerjee.
263 _a1906
260 1 _aBoca Raton, FL :
_bCRC Press, Taylor & Francis Group,
_c[2019]
300 _apages cm
504 _aIncludes bibliographical references and index.
505 0 _aCrystalline structure of different semiconductors -- Quantum theory, energy bands of solids, effective mass and holes -- Physics of semiconductors -- Transport phenomena in semiconductors -- Low dimensional semiconductors -- Semiconductor heterojunctions, modulation doped quantum wells and superlattices -- Transport phenomena in quantum nanostructures under an electric field -- Effect of magnetic field on the transport phenomena in quantum nanostructures -- Optical properties of quantum nanostructures.
520 _a"This book covers the physics of semiconductor materials, basic concepts of quantum mechanics and nanoelectronics, band theory of solids, transport phenomena in semiconductors, and physics of low-dimensional quantum nanostructures, heterojunctions, and superlattices. The text is intended for junior- and senior-level undergraduate students"--
_cProvided by publisher.
650 0 _aSemiconductors.
_9687
650 0 _aNanostructures.
_91617
700 1 _aBanerjee, Suranjana,
_eauthor.
_95389
999 _c705
_d705